Kraje zbombardowane przez USA po 2 wojnie światowej - Statystyki

Ogólne statystyki
  • Ten quiz został rozwiązany 56 razy
  • Średni wynik to 21 z 38
Statystyki odpowiedzi
Lata Kraj % Poprawnych
1991 Irak
100%
2014- Irak
100%
1987-88 Iran
97%
1998 Iran
97%
2020- Iran
97%
2014- Syria
90%
1998 Afganistan
85%
2001 Afganistan
85%
1950-53 Korea
85%
1961-73 Wietnam
85%
1986 Libia
74%
1989 Libia
74%
2011 Libia
74%
1945-46 Chiny
72%
1950-53 Chiny
72%
1959-60 Kuba
69%
1982-84 Liban
62%
1999 Jugosławia
56%
1992-94 Somalia
49%
2011- Somalia
49%
1989-90 Panama
46%
1998 Sudan
46%
1964-73 Laos
44%
1995 Bośnia i hercegowina
36%
1991 Kuwejt
36%
1964 Demokratyczna Republika Konga
33%
1958 Indonezja
33%
1981-90 Nikaragua
33%
1969-70 Kambodża
28%
1981-92 Salwador
28%
1954 Gwatemala
26%
1960 Gwatemala
26%
1964 Gwatemala
26%
1964 Gwatemala
26%
1967-69 Gwatemala
26%
1965 Peru
21%
1965-66 Dominikana
13%
1983-84 Grenada
8%
Nie znaleziono quizów pasujących do podanych kryteriów
Rozkład punktacji
Procent ludzi z każdym wynikiem
Percentyl według liczby udzielonych odpowiedzi
Twoja historia wyników
Nie rozwiązałeś tego quizu